Учебник общей химии: учебник

Dettagli Bibliografici
Autore principale: Некрасов Б. В. Борис Владимирович
Riassunto:Книга представляет собой учебник общей химии для химических специальностей высших учебных заведений. Она может служить также пособием для учащихся нехимических высших учебных заведений и для лиц, само­стоятельно изучающих химию.
Lingua:russo
Pubblicazione: Москва, Химия, 1972
Edizione:3-е изд.
Soggetti:
Natura: Libro
KOHA link:https://koha.lib.tpu.ru/cgi-bin/koha/opac-detail.pl?biblionumber=253758

MARC

LEADER 00000nam0a2200000 4500
001 253758
005 20231101232855.0
035 |a (RuTPU)RU\TPU\book\276167 
035 |a RU\TPU\book\276164 
090 |a 253758 
100 |a 20140315d1972 m y0rusy50 ca 
101 0 |a rus 
102 |a RU 
105 |a a j 001zy 
200 1 |a Учебник общей химии  |e учебник  |f Б. В. Некрасов 
205 |a 3-е изд. 
210 |a Москва  |c Химия  |d 1972 
215 |a 472 с.  |c черт. 
320 |a Предм. указ.: с. 453-471 
330 |a Книга представляет собой учебник общей химии для химических специальностей высших учебных заведений. Она может служить также пособием для учащихся нехимических высших учебных заведений и для лиц, само­стоятельно изучающих химию. 
606 1 |a Химия общая  |2 stltpush  |3 (RuTPU)RU\TPU\subj\67862  |9 83510 
610 1 |a учебники 
610 1 |a атомно-молекулярная теория 
610 1 |a воздух 
610 1 |a кислород 
610 1 |a водород 
610 1 |a вода 
610 1 |a растворы 
610 1 |a периодическая система 
610 1 |a триады 
610 1 |a периодический закон Менделеева 
610 1 |a атомное ядро 
610 1 |a элементы 
610 1 |a библиотека А. Г. Стромберга 
675 |a 54(075.8)  |v 3 
700 1 |a Некрасов  |b Б. В.  |g Борис Владимирович 
801 1 |a RU  |b 63413507  |c 20021125  |g PSBO 
801 2 |a RU  |b 63413507  |c 20181102  |g PSBO 
942 |c BK